| 000 | 01101nam a2200181 4500 | ||
|---|---|---|---|
| 001 | 291 | ||
| 005 | 20230410115603.0 | ||
| 008 | 060907n1993 dr spa | ||
| 035 | _9funglode292 | ||
| 041 | _aES | ||
| 050 | 1 | 4 | _aHF 1480.5 C175 1991 |
| 245 | 0 |
_aCambios en el ambiente comercial henisférico : _bOportunidades y obstáculos / _cMark rosenberg, Editor |
|
| 260 |
_aSantiago de Chile : _bFLACSO; LACC, _c1993 |
||
| 300 | _a247 p. / 23 cm | ||
| 520 | _aCambios en el ambiente comercial hemisférico, 13. -- Opciones para un orden comercial hemisférico, 39. -- El comercio no es suficiente, 79. -- El mercado único europeo y su impacto sobre las relaciones comerciales entre EEUU y Latinoamérica, 89. -- Europa puede ayudar, pero lo hará?, 129. -- Relaciones comerciales de Latinoamérica con Japón : Nuevas oportunidades en la década de los 90?, 139. -- Relaciones entre Japón y Latinoamérica : Una perspectiva diferente, 171. -- La Ronda de Uruguay para el comercio multilateral : Implicaciones para Latinoamérica, 229 | ||
| 700 | _aRosenberg, Mark, Ed | ||
| 942 |
_2lcc _cbk |
||
| 999 |
_c44145 _d44145 |
||